banner koha

O teor de nitratos em tomates como causa da aceleracao da corrosao interna de latas estanhadas (Registro n. 92268)

MARC details
000 -LÍDER
campo de controle de tamanho fixo 00940nas a2200301 4500
001 - NÚMERO DE CONTROLE
campo de controle BR7304161
003 - IDENTIFICADOR DO NÚMERO DE CONTROLE
campo de controle BR-BrBNA
005 - DATA E HORÁRIO DA ÚLTIMA TRANSAÇÃO
campo de controle 20231205082506.0
007 - CAMPO FIXO DE DESCRIÇÃO FÍSICA--INFORMAÇÃO GERAL
campo de controle de tamanho fixo ta
008 - CAMPO DE DADOS FIXOS--INFORMAÇÃO GERAL
campo de controle de tamanho fixo 230509b bl.|||p| |||| 00| 00por d
040 ## - FONTE DA CATALOGAÇÃO
Instituição da catalogação original BR-BrBNA
Idioma da catalogação por
Instituição que transcreveu o registro Biblioteca Nacional de Agricultura
041 ## - CÓDIGO DE IDIOMA
Código do idioma do texto/trilha sonora ou título diferente (Pt)
072 ## - CÓDIGO DE CATEGORIA DE ASSUNTO
Código de Categoria de Assunto S10; Q10
100 1# - ENTRADA PRINCIPAL--NOME PESSOAL
Nome pessoal Gorgatti Netto, A.
110 1# - ENTRADA PRINCIPAL--NOME CORPORATIVO
Nome corporativo ou nome da jurisdição California Univ., Davis (USA)
Grau Universitário Tese (Master of Science)
245 1# - TÍTULO
Título O teor de nitratos em tomates como causa da aceleracao da corrosao interna de latas estanhadas
650 ## - ASSUNTO--TERMO TÓPICO
Cabeçalho tópico ou nome geográfico Composicao de alimento
650 ## - ASSUNTO--TERMO TÓPICO
Cabeçalho tópico ou nome geográfico Preservacao de alimento
650 ## - ASSUNTO--TERMO TÓPICO
Cabeçalho tópico ou nome geográfico Tomate
650 ## - ASSUNTO--TERMO TÓPICO
Cabeçalho tópico ou nome geográfico Suco
650 ## - ASSUNTO--TERMO TÓPICO
Cabeçalho tópico ou nome geográfico Enlatado
650 ## - ASSUNTO--TERMO TÓPICO
Cabeçalho tópico ou nome geográfico Conserva
650 ## - ASSUNTO--TERMO TÓPICO
Cabeçalho tópico ou nome geográfico Nitrato
650 ## - ASSUNTO--TERMO TÓPICO
Cabeçalho tópico ou nome geográfico Embalagem
773 0# - ENTRADA ANALÍTICA
Título Coletanea do Instituto de Tecnologia de Alimento (Brazil)
ISSN - International Standard Serial Number
Partes relacionadas (1965), v. 1(pt. 1) p. 123-180
Número de controle do registro BR7304161
909 ## -
-- 202311
-- Lúcia
-- 55
-- Lúcia Elande
942 ## - ELEMENTOS DE ENTRADA ADICIONADOS (KOHA)
Fonte da classificação ou esquema de arquivamento na estante Classificação AGRIS
Ocultar no OPAC Não
Tipo de material Koha Analítica
Exemplares
Situação do descarte Fonte da classificação ou esquema de arquivamento na estante Situação física Não pode ser emprestado Biblioteca de origem Biblioteca atual Localização na estante Enumeração do periódico / cronologia Total de empréstimos Data de último acesso Número do exemplar Tipo de material Koha Fonte de aquisição
  Classificação AGRIS   Consulta local Biblioteca Nacional de Agricultura - Binagri Biblioteca Nacional de Agricultura - Binagri   (1965), v. 1(pt. 1) p. 123-180   29/11/2023 01 Periódicos Portaria Interministerial nº 164/94

BINAGRI

Telefone: (61)3218-2567/2388/3357/2097 - binagri@agro.gov.br

Ministério da Agricultura e Pecuária , Esplanada dos Ministérios, Bloco D, Anexo B, Brasília/DF, CEP: 70.043-900